|
|
|
|
| LEADER |
00634cam a2200193 7i4500 |
| 001 |
0000025591 |
| 005 |
20110105090000.0 |
| 020 |
0 |
0 |
|a 0071468129
|
| 090 |
0 |
0 |
|a B 658.4058
|b VAS
|
| 100 |
1 |
0 |
|a Vashistha
|
| 245 |
1 |
0 |
|a The Offshore nation :
|b strategies for success in global outsourcing and offshoring.
|
| 260 |
0 |
0 |
|a New York:
|b McGraw Hill,
|c 2006.
|
| 300 |
# |
# |
|a 249p.
|
| 650 |
0 |
0 |
|a International business enterprises --
|x Management
|
| 650 |
0 |
0 |
|a Service industries --
|x Marketing
|
| 650 |
0 |
0 |
|a Offshore outsourcing
|
| 650 |
0 |
0 |
|a Contracting out
|
| 700 |
0 |
0 |
|a Vashistha,
|h Avinash
|
| 999 |
|
|
|a B000028019
|b Book
|c Book
|e Business Information Centre
|